000 00329nam a2200133Ia 4500
008 231129s1984||||xx |||||||||||||| ||spa||
040 _bspa
082 _a526.9 P438t
100 _aPérez Acero José Joaquí­n
245 0 _aTopografí­a aplicada
260 _c1984
264 _aUniversidad Santo Tomás
942 _2ddc
_cBKS
999 _c25510
_d25510